Airlines that serve Hongkong Airport (HKG) - Statistics

General Stats
  • This quiz has been taken 91 times
  • The average score is 47 of 89
Answer Stats
Aisle Airline % Correct
J British Airways
95%
G Japan Airlines
95%
J Air China
92%
B/C Cathay Pacific
92%
F China Airlines
90%
H Thai Airways
90%
G Emirates
87%
D Air France
85%
D KLM
85%
J Qantas Airways
85%
G United Airlines
85%
D Air India
84%
E All Nippon Airways
84%
F Lufthansa
84%
E Malaysia Airlines
84%
F Singapore Airlines
84%
E Qatar Airways
82%
D Vietnam Airlines
82%
G Korean Air
80%
D Etihad Airways
79%
D Air Canada
77%
J China Eastern Airlines
77%
J China Southern Airlines
77%
G Air New Zealand
75%
L Thai AirAsia
74%
K Aeroflot
72%
L AirAsia
72%
L AirAsia X
72%
E EVA Air
72%
L Indonesia AirAsia
72%
L Philippines AirAsia
72%
K Hong Kong Airlines
70%
D Turkish Airlines
67%
F Philippine Airlines
66%
D Ethiopian Airlines
64%
G Garuda Indonesia
64%
E Asiana Airlines
62%
L Cebu Pacific Air
62%
K Hainan Airlines
61%
F SWISS
61%
K Finnair
57%
L Xiamen Airlines
57%
G Thai Lion Air
54%
G Shenzhen Airlines
52%
D Vietjet Air
52%
K Peach Aviation
51%
E Scoot
51%
D Jeju Air
48%
D IndiGo
46%
K Sichuan Airlines
46%
G Air Cambodia
44%
H HK Express
44%
G Egyptair
43%
D Royal Brunei Airlines
43%
J Shanghai Airlines
43%
D Air Busan
41%
E Bangkok Airways
41%
E Fiji Airways
41%
L Air Astana
39%
D Nepal Airlines
39%
G Batik Air Malaysia
36%
D Spring Airlines
36%
D Starlux Airlines
36%
G Juneyao Airlines
34%
F Shandong Airlines
34%
H T'way Air
34%
E S7 Airlines
33%
- Air Premia
30%
D Air Seoul
30%
D Greater Bay Airlines
28%
G Jin Air
28%
E Royal Jordanian
26%
J MIAT Mongolian Airlines
25%
E Air Niugini
23%
F SpiceJet
21%
D Air Mauritius
18%
- Bhutan Airlines
18%
G Hebei Airlines
18%
K Qingdao Airlines
18%
E Tibet Airlines
18%
K Loong Air
16%
K Urumqi Air
16%
D Royal Air Philippines
15%
F Jiangxi Air
8%
D Lucky Air
8%
G Ruili Airlines
7%
G Lanmei Airlines
5%
L Eznis Airways
3%
J Thai Smile Airways
3%
No matching quizzes found
Score Distribution
Percent of People with Each Score
Percentile by Number Answered
Your Score History
You have not taken this quiz